000 01116na a2200313 4500
999 _c7754
_d7754
001 20887
003 MIRAKIL
005 20200226120852.0
008 170127b tu 000 0
035 _a16179
040 _aMilas
_btur
_cTR-AnCHP
041 _atur
082 _aCHP 362.4
_bE53 [t.y.]
090 _aBROŞÜR 231
245 _aEngelli hakları rehberi/
_cCHP Engelliler Üst Kurulu, CHP Emek Büroları.
260 _a[Ankara]:
_b[CHP],
_c[t.y.].
_fBeşiktaş Belediyesi.
300 _a81 s.:
_brnkl. fotg.,
_c27 sm.
440 _aCumhuriyet Halk Partisi yayınları
_pKılavuzlar
610 _aCumhuriyet Halk Partisi (CHP)
_xEngelli hakları
_yKılavuzlar
650 _aEngelliler
_xHukuk ve mevzuat
_zTürkiye
650 _aEngelli hakları
_xKılavuzlar
_zTürkiye
710 _aCumhuriyet Halk Partisi (CHP)
_bEmek Büroları
710 _aCumhuriyet Halk Partisi (CHP)
_bEngelliler Üst Kurulu
830 _aCHP kılavuzları
856 _zDijital Nüshası için Partimizin Kütüphane Sorumlusu ile iletişime geçiniz.
942 _2ddc
_cVIS
999 _d7754